Economic reforms and poverty alleviation in India / (Record no. 18727)

MARC details
000 -LEADER
fixed length control field 01526pam a2200385 a 4500
001 - CONTROL NUMBER
control field 3981617
003 - CONTROL NUMBER IDENTIFIER
control field OSt
005 - DATE AND TIME OF LATEST TRANSACTION
control field 20211117122323.0
008 - FIXED-LENGTH DATA ELEMENTS--GENERAL INFORMATION
fixed length control field 951206s1996 ii a b 000 0 eng
010 ## - LIBRARY OF CONGRESS CONTROL NUMBER
LC control number 95051260
020 ## - INTERNATIONAL STANDARD BOOK NUMBER
International Standard Book Number 8170365376 (Indiahb)
020 ## - INTERNATIONAL STANDARD BOOK NUMBER
International Standard Book Number 8170365384 (Indiapb)
020 ## - INTERNATIONAL STANDARD BOOK NUMBER
International Standard Book Number 0803993021
020 ## - INTERNATIONAL STANDARD BOOK NUMBER
International Standard Book Number 080399303X (pbk.)
040 ## - CATALOGING SOURCE
Original cataloging agency DLC
Transcribing agency hu
Modifying agency DLC
043 ## - GEOGRAPHIC AREA CODE
Geographic area code a-ii---
050 00 - LIBRARY OF CONGRESS CALL NUMBER
Classification number HC435.2
Item number .E3168 1996
082 00 - DEWEY DECIMAL CLASSIFICATION NUMBER
Classification number 338.954
Edition number 20
245 00 - TITLE STATEMENT
Title Economic reforms and poverty alleviation in India /
Statement of responsibility, etc. edited by C.H. Hanumantha Rao and Hans Linnemann.
260 ## - PUBLICATION, DISTRIBUTION, ETC.
Place of publication, distribution, etc. New Delhi ;
-- Thousand Oaks, Calif. :
Name of publisher, distributor, etc. Sage Publications,
Date of publication, distribution, etc. 1996.
300 ## - PHYSICAL DESCRIPTION
Extent 271 p. :
Other physical details ill. ;
Dimensions 22 cm.
440 #0 - SERIES STATEMENT/ADDED ENTRY--TITLE
Title Indo-Dutch studies on development alternatives ;
Volume/sequential designation 17
9 (RLIN) 18940
504 ## - BIBLIOGRAPHY, ETC. NOTE
Bibliography, etc. note Includes bibliographical references.
650 #0 - SUBJECT ADDED ENTRY--TOPICAL TERM
Topical term or geographic name entry element Poverty
Geographic subdivision India.
9 (RLIN) 18941
650 #0 - SUBJECT ADDED ENTRY--TOPICAL TERM
Topical term or geographic name entry element Rural poor
Geographic subdivision India.
9 (RLIN) 18942
651 #0 - SUBJECT ADDED ENTRY--GEOGRAPHIC NAME
Geographic name India
General subdivision Economic conditions
Chronological subdivision 1947-
9 (RLIN) 18943
651 #0 - SUBJECT ADDED ENTRY--GEOGRAPHIC NAME
Geographic name India
General subdivision Economic policy
Chronological subdivision 1947-
9 (RLIN) 18944
700 2# - ADDED ENTRY--PERSONAL NAME
Personal name Hanumantha Rao, C. H.
9 (RLIN) 18945
700 1# - ADDED ENTRY--PERSONAL NAME
Personal name Linnemann, Hans.
9 (RLIN) 18946
856 42 - ELECTRONIC LOCATION AND ACCESS
Materials specified Publisher description
Uniform Resource Identifier <a href="http://www.loc.gov/catdir/enhancements/fy0657/95051260-d.html">http://www.loc.gov/catdir/enhancements/fy0657/95051260-d.html</a>
856 41 - ELECTRONIC LOCATION AND ACCESS
Materials specified Table of contents only
Uniform Resource Identifier <a href="http://www.loc.gov/catdir/enhancements/fy0657/95051260-t.html">http://www.loc.gov/catdir/enhancements/fy0657/95051260-t.html</a>
906 ## - LOCAL DATA ELEMENT F, LDF (RLIN)
a 7
b cbc
c orignew
d 1
e ocip
f 19
g y-gencatlg
942 ## - ADDED ENTRY ELEMENTS (KOHA)
Source of classification or shelving scheme Dewey Decimal Classification
Koha item type Books like text book referance book
Suppress in OPAC No
Holdings
Withdrawn status Lost status Source of classification or shelving scheme Damaged status Not for loan Home library Current library Shelving location Date acquired Total Checkouts Full call number Barcode Date last seen Copy number Price effective from Koha item type
    Dewey Decimal Classification     Social Library Social Library General Stacks 11/17/2021   338.954/eco SHLIB00010960 11/17/2021 c1 11/17/2021 Books like text book referance book